[Event "GRE-ch South U14"]
[Site "Athens"]
[Date "2020.09.03"]
[Round "9"]
[White "Papadimitriou, Dimitrios"]
[Black "Tsiripov, Christoforos"]
[Result "1-0"]
[WhiteElo "1143"]
[BlackElo "1003"]
[PlyCount "79"]
[EventDate "2020.08.28"]
[EventType "swiss"]
[EventRounds "9"]
[EventCountry "GRE"]
[SourceTitle "EXT 2023"]
[Source "ChessBase"]
[SourceDate "2022.10.05"]
[SourceVersion "1"]
[SourceVersionDate "2022.10.05"]
[SourceQuality "1"]

1. e4 c6 2. d4 d5 3. e5 Bf5 4. Bd3 Bxd3 5. Qxd3 e6 6. Bd2 Nd7 7. Nc3 c5 8. dxc5 Bxc5 9. Be3 Nxe5 10. Qb5+ Qd7 11. Bxc5 Nf6 12. Qxd7+ Nexd7 13. Be3 0-0 14. 0-0-0 a6 15. h3 Rac8 16. Nf3 Rc4 17. Rhe1 Rfc8 18. Re2 b5 19. Bd4 Ne8 20. Ne5 Nxe5 21. Bxe5 f6 22. Bd4 e5 23. Bxe5 fxe5 24. Rxd5 Nf6 25. Rdxe5 R4c6 26. Nd5 Nxd5 27. Rxd5 h6 28. Red2 Rf6 29. Rd6 Rcf8 30. Rxf6 Rxf6 31. c3 g5 32. f3 Kf7 33. Re2 h5 34. Re5 Kg6 35. Kc2 h4 36. b3 Rf5 37. Re6+ Rf6 38. Rxf6+ Kxf6 39. Kd3 Ke6 40. Ke4 1-0

[Event "GRE-ch South U14"]
[Site "Athens"]
[Date "2020.08.31"]
[Round "5"]
[White "Dervishi, Claudio"]
[Black "Papadimitriou, Dimitrios"]
[Result "1-0"]
[WhiteElo "1172"]
[BlackElo "1143"]
[PlyCount "53"]
[EventDate "2020.08.28"]
[EventType "swiss"]
[EventRounds "9"]
[EventCountry "GRE"]
[SourceTitle "EXT 2023"]
[Source "ChessBase"]
[SourceDate "2022.10.05"]
[SourceVersion "1"]
[SourceVersionDate "2022.10.05"]
[SourceQuality "1"]

1. e4 e5 2. Nf3 Nc6 3. Bb5 d6 4. h3 Bd7 5. d4 exd4 6. Nxd4 Ne5 7. Bxd7+ Qxd7 8. Nc3 0-0-0 9. 0-0 Ne7 10. a4 N7c6 11. a5 a6 12. f4 Nxd4 13. Qxd4 Nc6 14. Qc4 f5 15. b4 fxe4 16. b5 Nb8 17. Nd5 Nc6 18. bxc6 Qxc6 19. Qxc6 bxc6 20. Nb4 Kb7 21. Rb1 Rd7 22. Be3 c5 23. Nd5+ Kc6 24. c4 Be7 25. Rb3 Bf6 26. Rfb1 Rc8 27. Rb6+ 1-0

[Event "GRE-ch South U14"]
[Site "Athens"]
[Date "2020.08.30"]
[Round "4"]
[White "Papadimitriou, Dimitrios"]
[Black "Ziomas, Konstantinos Dimitr"]
[Result "0-1"]
[WhiteElo "1143"]
[BlackElo "1311"]
[PlyCount "120"]
[EventDate "2020.08.28"]
[EventType "swiss"]
[EventRounds "9"]
[EventCountry "GRE"]
[SourceTitle "EXT 2023"]
[Source "ChessBase"]
[SourceDate "2022.10.05"]
[SourceVersion "1"]
[SourceVersionDate "2022.10.05"]
[SourceQuality "1"]

1. e4 d5 2. exd5 Qxd5 3. Nc3 Qa5 4. d4 Nf6 5. Bc4 Bf5 6. Bd2 c6 7. Nd5 Qd8 8. Nxf6+ gxf6 9. Bc3 e6 10. Bd3 Bg6 11. Qe2 Bd6 12. g3 Rg8 13. f4 Bxd3 14. Qxd3 f5 15. 0-0-0 Nd7 16. Re1 Qe7 17. Nf3 0-0-0 18. Ba5 Rde8 19. c4 Nf6 20. Re2 Kb8 21. Kb1 Ne4 22. Nd2 Nxd2+ 23. Qxd2 b6 24. Bc3 Bc7 25. Rhe1 Rg6 26. d5 cxd5 27. cxd5 Rd8 28. Bb4 Bd6 29. dxe6 Rxe6 30. Bxd6+ Rdxd6 31. Rxe6 Rxe6 32. Rxe6 Qxe6 33. a3 Kb7 34. Qc3 Qe4+ 35. Qc2 Qxc2+ 36. Kxc2 Kc6 37. Kc3 Kc5 38. h3 h5 39. b3 a5 40. Kd3 Kd5 41. Ke3 a4 42. bxa4 Kc4 43. g4 fxg4 44. hxg4 hxg4 45. f5 g3 46. Kf3 g2 47. Kxg2 Kb3 48. Kg3 Kxa4 49. Kg4 Kxa3 50. Kg5 b5 51. Kf6 b4 52. Kxf7 b3 53. f6 b2 54. Kg7 b1Q 55. f7 Qb7 56. Kg8 Qd5 57. Kg7 Qg5+ 58. Kh8 Qf6+ 59. Kg8 Qg6+ 60. Kf8 Kb4 0-1